000 00545nam a22001817a 4500
999 _c186618
_d186618
005 20220420120850.0
010 _aENG-131929
020 _a9789389253122
_c450.00
035 _aEN-1154561
037 _bDBAD/PUB
082 _aN
100 _aJangda, Mahek
245 _aSometimes Ivory,Sometimes Sand/
_cMehak Jangeda
260 _aGurugram
_bHachette Book Publishing India Pvt. Ltd.
_c2020
270 _a4th/5th Floors,Corporate Center, Plot no. 94 Sector 44,
_bGurugram
_e122003
300 _a272p.
_c20cm(pbk)
942 _2ddc
_cEN
_hN
_mJAN